[Event "Rasht Father Cup Blitz 2nd"]
[Site "Rasht"]
[Date "2023.12.07"]
[Round "4"]
[White "Omidi, Arya"]
[Black "Toufighi, Homayoon"]
[Result "0-1"]
[WhiteElo "2301"]
[BlackElo "2368"]
[PlyCount "102"]
[EventDate "2023.12.07"]
[EventType "swiss (blitz)"]
[EventRounds "13"]
[EventCountry "IRI"]
[SourceTitle "CB50_2023"]
[SourceDate "2023.12.13"]
[SourceVersion "1"]
[SourceVersionDate "2023.12.13"]
[SourceQuality "1"]

1. e4 d6 2. d4 Nf6 3. Nc3 e5 4. Nf3 Nbd7 5. Bc4 Be7 6. 0-0 0-0 7. Qe2 c6 8. a4 Qc7 9. h3 Rb8 10. Re1 b6 11. Bg5 Re8 12. Rad1 Nf8 13. d5 c5 14. Nb5 Qd7 15. Na3 Qb7 16. Bb5 Bd7 17. Nc4 Qc7 18. b3 Bxb5 19. axb5 Qd7 20. Ra1 Ng6 21. Ncd2 h6 22. Bxf6 Bxf6 23. Ra4 Rb7 24. Rea1 Nf4 25. Qf1 g6 26. Kh2 Bg7 27. R1a2 Re7 28. g3 Nh5 29. Nh4 Bf6 30. Ng2 Bg5 31. Nf3 f5 32. Nxg5 hxg5 33. Qe2 Rh7 34. Ne3 Nf6 35. exf5 gxf5 36. g4 f4 37. Nf5 Kf8 38. f3 Ke8 39. Qd3 Kd8 40. b4 e4 41. fxe4 Nxg4+ 42. Kg1 Ne5 43. Qf1 g4 44. bxc5 bxc5 45. hxg4 f3 46. c4 Kc8 47. Ra6 Kb8 48. Rxd6 Qc8 49. Re6 Qh8 50. Rxe5 Rh1+ 51. Kf2 Rxf1+ 0-1

[Event "Rasht Father Cup Blitz 2nd"]
[Site "Rasht"]
[Date "2023.12.07"]
[Round "5"]
[White "Toufighi, Homayoon"]
[Black "Rastbod, Ali"]
[Result "1/2-1/2"]
[WhiteElo "2368"]
[BlackElo "2221"]
[PlyCount "72"]
[EventDate "2023.12.07"]
[EventType "swiss (blitz)"]
[EventRounds "13"]
[EventCountry "IRI"]
[SourceTitle "CB50_2023"]
[SourceDate "2023.12.13"]
[SourceVersion "1"]
[SourceVersionDate "2023.12.13"]
[SourceQuality "1"]

1. e4 e6 2. d4 d5 3. Nd2 Be7 4. Ngf3 Nf6 5. Bd3 c5 6. exd5 Qxd5 7. dxc5 Qxc5 8. 0-0 0-0 9. Qe2 Nbd7 10. Ne4 Qc7 11. Bg5 b6 12. Rad1 Bb7 13. Bh4 Rac8 14. Bg3 Qc6 15. Nd6 Bxd6 16. Bxd6 Rfe8 17. Bb5 Qxc2 18. Qxc2 Rxc2 19. Ne5 Rxb2 20. Bxd7 Nxd7 21. Nxd7 Rxa2 22. Ne5 f6 23. Nf3 e5 24. Rc1 Rc8 25. Rxc8+ Bxc8 26. Rc1 Be6 27. h4 h5 28. Rc7 Bd5 29. Nxe5 fxe5 30. Bxe5 Bf7 31. Rc8+ Kh7 32. Rc7 Kg8 33. Rc8+ Kh7 34. Rc7 Kg8 35. Rc8+ Kh7 36. Rc7 Kg8 1/2-1/2

[Event "Marmaris Karya 18th"]
[Site "Marmaris"]
[Date "2022.05.11"]
[Round "4"]
[White "Toufighi, Homayoon"]
[Black "Angun, Batu"]
[Result "1/2-1/2"]
[WhiteElo "2439"]
[BlackElo "2326"]
[PlyCount "130"]
[EventDate "2022.05.10"]
[EventType "schev"]
[EventRounds "10"]
[EventCountry "TUR"]
[SourceTitle "CBM 208 Extra"]
[Source "ChessBase"]
[SourceDate "2022.07.31"]
[SourceVersion "1"]
[SourceVersionDate "2022.07.31"]
[SourceQuality "1"]
[WhiteTeam "White"]
[BlackTeam "Red Team"]
[WhiteTeamCountry "TUR"]
[BlackTeamCountry "TUR"]

1. d4 Nf6 2. Nf3 g6 3. g3 Bg7 4. Bg2 0-0 5. 0-0 d5 6. b3 c5 7. e3 Nc6 8. Bb2 Ne4 9. Nbd2 cxd4 10. Nxe4 dxe4 11. Nxd4 f5 12. Nxc6 bxc6 13. Bxg7 Kxg7 14. Qe1 Qd6 15. Qc3+ Qf6 16. Qa5 h5 17. Rad1 Be6 18. Rd4 Rfc8 19. Qc5 Rd8 20. Rfd1 Rd5 21. Qa3 Rxd4 22. exd4 h4 23. Qc5 hxg3 24. hxg3 Bf7 25. f3 Bd5 26. c4 Qg5 27. f4 Qg4 28. Rf1 Bf7 29. Qe5+ Kf8 30. Kf2 Rd8 31. Rh1 Bg8 32. Rc1 g5 33. Rh1 gxf4 34. gxf4 Rd6 35. Rh3 Re6 36. Qb8+ Kf7 37. Bf1 Rd6 38. c5 Qxf4+ 39. Ke1 Qc1+ 40. Kf2 Qd2+ 41. Be2 Re6 42. Rg3 Bh7 43. Kf1 Qc1+ 44. Kg2 f4 45. Bh5+ Bg6 46. Rg4 f3+ 47. Kh2 Qd2+ 48. Kh3 Qh6 49. Rf4+ Rf6 50. Rxf6+ Kxf6 51. Qe5+ Kf7 52. Qf5+ Kg7 53. Qxg6+ Qxg6 54. Bxg6 e3 55. Kg3 e2 56. Kf2 Kxg6 57. d5 Kf7 58. dxc6 Ke8 59. b4 Kd8 60. b5 Kc7 61. Ke1 e5 62. Kf2 e4 63. a3 e3+ 64. Ke1 a5 65. a4 Kc8 1/2-1/2

[Event "Marmaris Icmeler"]
[Site "Marmaris"]
[Date "2022.05.09"]
[Round "9.2"]
[White "Ince, Taylan Ruzgar"]
[Black "Toufighi, Homayoon"]
[Result "0-1"]
[WhiteElo "2018"]
[BlackElo "2439"]
[PlyCount "110"]
[EventDate "2022.05.05"]
[EventType "schev"]
[EventRounds "10"]
[EventCountry "TUR"]
[SourceTitle "CBM 208 Extra"]
[Source "ChessBase"]
[SourceDate "2022.07.31"]
[SourceVersion "1"]
[SourceVersionDate "2022.07.31"]
[SourceQuality "1"]

1. d4 Nf6 2. c4 g6 3. Nf3 Bg7 4. g3 0-0 5. Bg2 d6 6. 0-0 Nc6 7. Nc3 a6 8. Re1 Rb8 9. Rb1 Bf5 10. e4 Bg4 11. Be3 Nd7 12. h3 Bxf3 13. Bxf3 e5 14. d5 Nd4 15. Bg2 c5 16. dxc6 bxc6 17. b4 Qe7 18. Bf1 Qe6 19. Kg2 Kh8 20. b5 axb5 21. cxb5 c5 22. Nd5 f5 23. Qd3 Rfc8 24. Qc4 fxe4 25. a4 Ra8 26. b6 Rcb8 27. Rb2 Bf6 28. Reb1 Bd8 29. Bd2 e3 30. Bxe3 Qe8 31. Bd2 Nxb6 32. Nxb6 Qc6+ 33. Qd5 Rxb6 34. Qxc6 Rxc6 35. Rb8 Rc8 36. Rxc8 Rxc8 37. Bc4 Nc6 38. Kf3 Ba5 39. Be3 Nb4 40. Ke4 Kg7 41. Rd1 Bc7 42. h4 Rd8 43. f3 Ra8 44. Bxc5 Rxa4 45. Bxd6 Na6 46. Bxe5+ Bxe5 47. Rd7+ Kh6 48. Kxe5 Rxc4 49. g4 Rc7 50. Rd6 Nc5 51. f4 Kg7 52. f5 Re7+ 53. Kd5 Ne4 54. Re6 Nf6+ 55. Kd6 Rxe6+ 0-1

[Event "Marmaris Icmeler"]
[Site "Marmaris"]
[Date "2022.05.05"]
[Round "2.4"]
[White "Toufighi, Homayoon"]
[Black "Kilic, Eray"]
[Result "1-0"]
[WhiteElo "2439"]
[BlackElo "2192"]
[PlyCount "95"]
[EventDate "2022.05.05"]
[EventType "schev"]
[EventRounds "10"]
[EventCountry "TUR"]
[SourceTitle "CBM 208 Extra"]
[Source "ChessBase"]
[SourceDate "2022.07.31"]
[SourceVersion "1"]
[SourceVersionDate "2022.07.31"]
[SourceQuality "1"]

1. Nf3 Nf6 2. g3 g6 3. Bg2 Bg7 4. 0-0 0-0 5. c4 d6 6. d4 Nbd7 7. Nc3 e5 8. dxe5 dxe5 9. h3 Re8 10. Be3 c6 11. Qb3 Qa5 12. Nd2 Nc5 13. Qc2 Ne6 14. Nf3 Nh5 15. Rfd1 f5 16. g4 Nhf4 17. gxf5 gxf5 18. Bxf4 Nxf4 19. e3 Nxg2 20. Kxg2 e4 21. Ng1 f4 22. exf4 Qh5 23. Nce2 Bf5 24. Qb3 e3 25. Ng3 Qg6 26. Re1 Be4+ 27. Nf3 Bd4 28. fxe3 Kh8 29. Kf2 Rg8 30. Rg1 Bc2 31. f5 Qe8 32. Qa3 Bf6 33. Qd6 Rf8 34. Rac1 Rd8 35. Qf4 Bd3 36. b3 Qe7 37. Rcd1 Bc2 38. Rxd8 Qxd8 39. e4 Qb6+ 40. Qe3 Qa5 41. Nh5 Be5 42. Rc1 Bb1 43. Nxe5 Qxe5 44. Rxb1 Qh2+ 45. Kf3 Qxh3+ 46. Ng3 Rg8 47. Qd4+ Rg7 48. Qxg7+ 1-0

[Event "Khomeyn Aftab Cup op 3rd"]
[Site "Khomeyn"]
[Date "2019.08.29"]
[Round "9"]
[White "Daghli, Arash"]
[Black "Toufighi, Homayoon"]
[Result "1/2-1/2"]
[WhiteElo "2351"]
[BlackElo "2445"]
[PlyCount "50"]
[EventDate "2019.08.23"]
[EventType "swiss"]
[EventRounds "9"]
[EventCountry "IRI"]
[SourceTitle "EXT 2020"]
[Source "ChessBase"]
[SourceDate "2019.10.17"]
[SourceVersion "1"]
[SourceVersionDate "2019.10.17"]
[SourceQuality "1"]

1. Nf3 b6 2. g3 Bb7 3. Bg2 g6 4. c4 Bg7 5. Nc3 e5 6. 0-0 d6 7. d4 Nd7 8. dxe5 dxe5 9. Qa4 e4 10. Ng5 Bxc3 11. bxc3 Ngf6 12. Rd1 Qe7 13. c5 c6 14. Bf4 Nxc5 15. Qd4 Ne6 16. Nxe6 fxe6 17. Bd6 Qf7 18. Qe5 0-0-0 19. Bh3 Rhe8 20. Bb8 Rxd1+ 21. Rxd1 Ba6 22. Bxa7 Kb7 23. Bxb6 Kxb6 24. Rb1+ Ka7 25. Qa5 Nd5 1/2-1/2

[Event "Khomeyn Aftab Cup op 3rd"]
[Site "Khomeyn"]
[Date "2019.08.24"]
[Round "2"]
[White "Ghorbani, Hadi"]
[Black "Toufighi, Homayoon"]
[Result "1/2-1/2"]
[WhiteElo "2208"]
[BlackElo "2445"]
[PlyCount "131"]
[EventDate "2019.08.23"]
[EventType "swiss"]
[EventRounds "9"]
[EventCountry "IRI"]
[SourceTitle "EXT 2020"]
[Source "ChessBase"]
[SourceDate "2019.10.17"]
[SourceVersion "1"]
[SourceVersionDate "2019.10.17"]
[SourceQuality "1"]

1. e4 d5 2. exd5 Qxd5 3. Nc3 Qa5 4. d4 Nf6 5. Nf3 c6 6. Bc4 Bf5 7. Bd2 Qc7 8. Ne5 e6 9. g4 Be4 10. f3 Bd5 11. Be2 Bd6 12. g5 Bxe5 13. dxe5 Nfd7 14. Nxd5 cxd5 15. f4 Nc6 16. h4 0-0-0 17. Rh3 Qb6 18. Be3 Qxb2 19. Kf1 Qc3 20. Kg2 Qa5 21. Rb1 Qc7 22. Bf2 d4 23. Rhb3 Nb6 24. Bf3 Na5 25. Rb5 Nac4 26. Qd3 Ne3+ 27. Bxe3 dxe3 28. Qxe3 Qxc2+ 29. Kg3 Rd3 30. Qe4 Rxf3+ 31. Qxf3 Qxa2 32. Qc3+ Kb8 33. R1b2 Qa1 34. Qe3 Rd8 35. Rb1 Qa4 36. R5b4 Qc2 37. R1b2 Qc6 38. Rd4 Rc8 39. Rd6 Qc3 40. Qxc3 Rxc3+ 41. Kh2 Nc4 42. Rc6 Nxb2 43. Rxc3 a5 44. h5 a4 45. Kg3 b6 46. Kf3 Kb7 47. Ke2 b5 48. f5 g6 49. fxg6 fxg6 50. Rc5 Kb6 51. Rc8 a3 52. Kd2 a2 53. Rc1 gxh5 54. Ra1 Nc4+ 55. Kc3 Nxe5 56. Rxa2 Nf3 57. Rg2 h4 58. g6 h3 59. Rf2 h2 60. Rxh2 hxg6 61. Rf2 Ng5 62. Rg2 Ne4+ 63. Kd4 Nc5 64. Rxg6 Kc6 65. Rh6 Kd6 66. Rh5 1/2-1/2

[Event "Avicenna op 15th"]
[Site "Hamedan"]
[Date "2018.08.24"]
[Round "9"]
[White "Toufighi, Homayoon"]
[Black "Daghli, Arash"]
[Result "1/2-1/2"]
[WhiteElo "2449"]
[BlackElo "2362"]
[PlyCount "39"]
[EventDate "2018.08.17"]
[EventType "swiss"]
[EventRounds "9"]
[EventCountry "IRI"]
[SourceTitle "CBM 186 Extra"]
[Source "ChessBase"]
[SourceDate "2018.08.24"]
[SourceVersion "1"]
[SourceVersionDate "2018.08.24"]
[SourceQuality "1"]

1. e3 Nf6 2. Nf3 g6 3. b3 Bg7 4. Bb2 c5 5. d4 cxd4 6. exd4 d5 7. Be2 0-0 8. 0-0 Nc6 9. Nbd2 Bf5 10. a3 Ne4 11. c4 dxc4 12. Nxc4 Nf6 13. Qd2 Be4 14. Rfd1 Bd5 15. b4 a6 16. Rac1 e6 17. Nfe5 Rc8 18. a4 Ne4 19. Qe1 Nd6 20. Bf1 1/2-1/2

[Event "Avicenna op 15th"]
[Site "Hamedan"]
[Date "2018.08.18"]
[Round "3"]
[White "Hosseinipour, Mehdi"]
[Black "Toufighi, Homayoon"]
[Result "1/2-1/2"]
[WhiteElo "2327"]
[BlackElo "2449"]
[PlyCount "34"]
[EventDate "2018.08.17"]
[EventType "swiss"]
[EventRounds "9"]
[EventCountry "IRI"]
[SourceTitle "CBM 186 Extra"]
[Source "ChessBase"]
[SourceDate "2018.08.24"]
[SourceVersion "1"]
[SourceVersionDate "2018.08.24"]
[SourceQuality "1"]

1. e4 c5 2. Nf3 g6 3. c4 d6 4. d4 cxd4 5. Nxd4 Bg7 6. Nc3 Nc6 7. Be3 Nf6 8. Be2 0-0 9. f3 Nd7 10. Qd2 Nxd4 11. Bxd4 Bxd4 12. Qxd4 Qb6 13. 0-0-0 Qxd4 14. Rxd4 Nb6 15. b3 Be6 16. Kb2 Rac8 17. Rc1 Kg7 1/2-1/2

[Event "Bandar e Anzali Khazar Cup 16th"]
[Site "Bandar e Anzali"]
[Date "2018.03.05"]
[Round "8"]
[White "Toufighi, Homayoon"]
[Black "Mousavi, Seyed Khalil"]
[Result "0-1"]
[WhiteElo "2434"]
[BlackElo "2467"]
[PlyCount "103"]
[EventDate "2018.02.27"]
[EventType "swiss"]
[EventRounds "9"]
[EventCountry "IRI"]
[SourceTitle "CBM 183 Extra"]
[Source "ChessBase"]
[SourceDate "2018.04.19"]
[SourceVersion "1"]
[SourceVersionDate "2018.04.19"]
[SourceQuality "1"]

1. d4 d5 2. c4 e6 3. Nf3 Nf6 4. Nc3 Be7 5. Bg5 0-0 6. e3 h6 7. Bh4 Nbd7 8. Qc2 dxc4 9. Bxc4 a6 10. 0-0 b5 11. Be2 Bb7 12. Rfd1 Rc8 13. Ne5 Qe8 14. Nxd7 Nxd7 15. Bxe7 Qxe7 16. Ne4 c5 17. dxc5 f5 18. Qd2 Bxe4 19. Qxd7 Qxd7 20. Rxd7 Rxc5 21. Bd1 Rfc8 22. Rd2 Rc1 23. Rxc1 Rxc1 24. Kf1 Bd5 25. b3 a5 26. f3 a4 27. Ke2 a3 28. Kd3 e5 29. Ke2 Be6 30. f4 e4 31. Rc2 Ra1 32. Kd2 b4 33. h3 Kh7 34. Ke2 Bf7 35. Kd2 Bxb3 36. axb3 a2 37. Ke2 Rxd1 38. Rxa2 Rb1 39. Ra5 Rb2+ 40. Kf1 Kg6 41. g4 fxg4 42. hxg4 Rxb3 43. Kf2 Rb2+ 44. Kg3 Re2 45. Ra6+ Kh7 46. Rb6 Rxe3+ 47. Kh4 Rb3 48. f5 Rb1 49. Rb7 e3 50. Re7 Rh1+ 51. Kg3 b3 52. f6 0-1

[Event "Bandar e Anzali Khazar Cup 16th"]
[Site "Bandar e Anzali"]
[Date "2018.03.04"]
[Round "7"]
[White "Toufighi, Homayoon"]
[Black "Bernadskiy, Vitaliy"]
[Result "1/2-1/2"]
[WhiteElo "2434"]
[BlackElo "2588"]
[PlyCount "23"]
[EventDate "2018.02.27"]
[EventType "swiss"]
[EventRounds "9"]
[EventCountry "IRI"]
[SourceTitle "CBM 183 Extra"]
[Source "ChessBase"]
[SourceDate "2018.04.19"]
[SourceVersion "1"]
[SourceVersionDate "2018.04.19"]
[SourceQuality "1"]

1. Nf3 d5 2. g3 Nf6 3. Bg2 e6 4. 0-0 c5 5. c4 dxc4 6. Na3 Nc6 7. Nxc4 Be7 8. b3 0-0 9. Bb2 Qc7 10. Nfe5 Bd7 11. Rc1 Rfd8 12. Nxd7 1/2-1/2

[Event "Bandar e Anzali Khazar Cup 16th"]
[Site "Bandar e Anzali"]
[Date "2018.03.02"]
[Round "5"]
[White "Pourramezanali, Amirreza"]
[Black "Toufighi, Homayoon"]
[Result "1/2-1/2"]
[WhiteElo "2538"]
[BlackElo "2434"]
[PlyCount "36"]
[EventDate "2018.02.27"]
[EventType "swiss"]
[EventRounds "9"]
[EventCountry "IRI"]
[SourceTitle "CBM 183 Extra"]
[Source "ChessBase"]
[SourceDate "2018.04.19"]
[SourceVersion "1"]
[SourceVersionDate "2018.04.19"]
[SourceQuality "1"]

1. e4 e6 2. d4 d5 3. Nd2 c5 4. Ngf3 cxd4 5. Nxd4 Nf6 6. exd5 a6 7. N2f3 Qxd5 8. Bd3 Bc5 9. 0-0 Nbd7 10. c4 Qd6 11. Nb3 Bb6 12. Qe2 0-0 13. Bg5 h6 14. Rad1 Qc7 15. Bh4 Re8 16. Bg3 e5 17. h3 Qc6 18. Rfe1 Bc7 1/2-1/2

[Event "Karoun Masters Cup 5th"]
[Site "Ahvaz"]
[Date "2018.02.23"]
[Round "8"]
[White "Toufighi, Homayoon"]
[Black "Matinian, Nikita"]
[Result "0-1"]
[WhiteElo "2436"]
[BlackElo "2504"]
[PlyCount "66"]
[EventDate "2018.02.17"]
[EventType "swiss"]
[EventRounds "9"]
[EventCountry "IRI"]
[SourceTitle "CBM 183 Extra"]
[Source "ChessBase"]
[SourceDate "2018.04.19"]
[SourceVersion "1"]
[SourceVersionDate "2018.04.19"]
[SourceQuality "1"]

1. e4 c5 2. Nf3 d6 3. Bb5+ Nd7 4. d4 cxd4 5. Qxd4 a6 6. Bxd7+ Bxd7 7. 0-0 e5 8. Qd3 Rc8 9. Rd1 h6 10. Nc3 Nf6 11. Nd2 Bg4 12. f3 Qb6+ 13. Kh1 Be6 14. Nf1 Be7 15. Ne3 0-0 16. b3 Qc5 17. Bb2 b5 18. a3 Rc7 19. b4 Qb6 20. a4 bxa4 21. Rxa4 Rfc8 22. Ncd5 Nxd5 23. exd5 Bd7 24. Rxa6 Qxb4 25. Ba3 Qb7 26. Bxd6 Rc3 27. Qd2 Bg5 28. Ra3 Bxe3 29. Qxc3 Rxc3 30. Rxc3 Bd4 31. Rc7 Qb5 32. c3 Qe2 33. Ra1 Bh3 0-1

[Event "Fajr op 26th"]
[Site "Amol"]
[Date "2018.02.06"]
[Round "5"]
[White "Firouzja, Alireza"]
[Black "Toufighi, Homayoon"]
[Result "1-0"]
[WhiteElo "2549"]
[BlackElo "2436"]
[PlyCount "117"]
[EventDate "2018.02.03"]
[EventType "swiss"]
[EventRounds "9"]
[EventCountry "IRI"]
[SourceTitle "CBM 182 Extra"]
[Source "ChessBase"]
[SourceDate "2018.02.23"]
[SourceVersion "1"]
[SourceVersionDate "2018.02.23"]
[SourceQuality "1"]

1. e4 e6 2. d4 d5 3. Nc3 Bb4 4. e5 Ne7 5. a3 Bxc3+ 6. bxc3 b6 7. Qg4 Kf8 8. a4 Ba6 9. Bxa6 Nxa6 10. Ne2 c5 11. 0-0 Qc7 12. a5 b5 13. Ng3 cxd4 14. cxd4 b4 15. Bg5 Rc8 16. f4 g6 17. Bxe7+ Qxe7 18. f5 exf5 19. Nxf5 Qe6 20. Nh6 Qxg4 21. Nxg4 Kg7 22. Ne3 Rhd8 23. Rf6 Nc7 24. Raf1 Rd7 25. Rb1 Ne8 26. Ra6 Rb8 27. Rb3 Rbb7 28. Rc6 Nc7 29. Rd6 Rxd6 30. exd6 Ne6 31. c3 Rb5 32. Rxb4 Rxa5 33. Rb7 Ra6 34. Nxd5 Rxd6 35. Ne3 Ra6 36. h4 Ra3 37. Nd5 Ra2 38. Kh2 h5 39. Kg3 a5 40. Ra7 a4 41. Kf3 g5 42. g3 g4+ 43. Ke4 Re2+ 44. Ne3 Ra2 45. Ra5 Kg6 46. d5 Nf8 47. Ra6+ f6 48. Ra7 Ra1 49. c4 a3 50. c5 a2 51. Nc2 Rd1 52. c6 f5+ 53. Ke5 f4 54. c7 Nd7+ 55. Kxf4 Rf1+ 56. Ke4 Nf6+ 57. Kd4 Rd1+ 58. Kc4 Rd2 59. Kb3 1-0

[Event "Tehran Paytakht Cup 2nd"]
[Site "Tehran"]
[Date "2017.10.29"]
[Round "7"]
[White "Ghaem Maghami, Ehsan"]
[Black "Toufighi, Homayoon"]
[Result "0-1"]
[WhiteElo "2564"]
[BlackElo "2436"]
[PlyCount "142"]
[EventDate "2017.10.24"]
[EventType "swiss"]
[EventRounds "9"]
[EventCountry "IRI"]
[SourceTitle "CBM 181 Extra"]
[Source "ChessBase"]
[SourceDate "2017.12.12"]
[SourceVersion "1"]
[SourceVersionDate "2017.12.12"]
[SourceQuality "1"]

1. d4 Nf6 2. c4 e6 3. g3 Bb4+ 4. Bd2 Bxd2+ 5. Qxd2 c5 6. Bg2 cxd4 7. Nf3 d5 8. cxd5 Qxd5 9. 0-0 Nc6 10. Nxd4 Ne4 11. Nxc6 Nxd2 12. Bxd5 exd5 13. Nxd2 bxc6 14. Rac1 Bd7 15. Nb3 Ke7 16. Rfe1 Kd6 17. e4 Rhe8 18. Nc5 Bc8 19. f4 f6 20. a3 a5 21. Red1 Rb8 22. Rd2 h5 23. h4 Bg4 24. Kf2 Re7 25. exd5 cxd5 26. Na4 Rb3 27. Nc3 Reb7 28. Rcc2 Ke6 29. Nxd5 Bf5 30. Rc6+ Kf7 31. Rc5 Rxb2 32. Rxb2 Rxb2+ 33. Ke3 Bg4 34. Rxa5 Rg2 35. Ra7+ Ke6 36. Nc7+ Kf5 37. Ra5+ Kg6 38. f5+ Kh6 39. Kf4 Rf2+ 40. Ke4 Re2+ 41. Kf4 Re1 42. a4 Ra1 43. Ra8 Rf1+ 44. Ke3 Rxf5 45. a5 Rf3+ 46. Kd4 Rxg3 47. a6 Ra3 48. Rh8+ Kg6 49. Kc5 Bf3 50. Kb6 Rb3+ 51. Kc5 Rc3+ 52. Kd6 Ra3 53. Kc5 Kf5 54. Kb6 Rb3+ 55. Ka5 Ra3+ 56. Kb6 g5 57. hxg5 fxg5 58. a7 Kg4 59. Rf8 h4 60. Rxf3 Rxa7 61. Rf7 Ra1 62. Nd5 Re1 63. Nf6+ Kh3 64. Kc5 Rf1 65. Rg7 Rxf6 66. Rxg5 Rf4 67. Rg1 Kh2 68. Rg8 h3 69. Kd5 Kh1 70. Ke5 Ra4 71. Rg7 h2 0-1

[Event "Avicenna op 14th"]
[Site "Hamedan"]
[Date "2017.08.24"]
[Round "5"]
[White "Toufighi, Homayoon"]
[Black "Shirov, Alexei"]
[Result "1/2-1/2"]
[WhiteElo "2420"]
[BlackElo "2648"]
[PlyCount "90"]
[EventDate "2017.08.21"]
[EventType "swiss"]
[EventRounds "9"]
[EventCountry "IRI"]
[SourceTitle "CBM 180 Extra"]
[Source "ChessBase"]
[SourceDate "2017.10.06"]
[SourceVersion "1"]
[SourceVersionDate "2017.10.06"]
[SourceQuality "1"]

1. Nf3 d5 2. g3 g6 3. Bg2 Bg7 4. d4 Nf6 5. c4 c6 6. cxd5 cxd5 7. 0-0 0-0 8. Nc3 Ne4 9. Qb3 Nc6 10. Rd1 Na5 11. Qb4 Nxc3 12. Qxc3 Bf5 13. Bd2 Nc4 14. b3 Nxd2 15. Qxd2 Qd6 16. Rac1 Rfc8 17. e3 b6 18. Ne1 a5 19. Rxc8+ Rxc8 20. Rc1 Rxc1 21. Qxc1 g5 22. Bf1 h6 23. Bd3 Bd7 24. Qc2 Bf6 25. Kf1 Kg7 26. Bf5 e6 27. Bd3 e5 28. dxe5 Bh3+ 29. Kg1 Qxe5 30. Nf3 Qa1+ 31. Qb1 Qc3 32. Qc2 Qb4 33. Bf1 Bg4 34. Kg2 Bd7 35. Bd3 g4 36. Ng1 d4 37. Qc7 Bb5 38. Bxb5 Qxb5 39. exd4 Qd5+ 40. Kf1 Bxd4 41. Qf4 h5 42. h3 gxh3 43. Nxh3 Bf6 44. Kg1 b5 45. Qe3 h4 1/2-1/2

[Event "Avicenna op 14th"]
[Site "Hamedan"]
[Date "2017.08.22"]
[Round "3"]
[White "Toufighi, Homayoon"]
[Black "Ghafourian, Amir Ali"]
[Result "1-0"]
[WhiteElo "2420"]
[BlackElo "2083"]
[PlyCount "113"]
[EventDate "2017.08.21"]
[EventType "swiss"]
[EventRounds "9"]
[EventCountry "IRI"]
[SourceTitle "CBM 180 Extra"]
[Source "ChessBase"]
[SourceDate "2017.10.06"]
[SourceVersion "1"]
[SourceVersionDate "2017.10.06"]
[SourceQuality "1"]

1. e4 b6 2. d4 e6 3. Nf3 Bb7 4. Bd3 Nf6 5. Qe2 c5 6. dxc5 Bxc5 7. 0-0 d5 8. Nc3 dxe4 9. Nxe4 Nxe4 10. Bxe4 Qc8 11. Ng5 Bxe4 12. Nxe4 Be7 13. Qg4 g6 14. Bg5 f5 15. Qh4 Qb7 16. Bxe7 Qxe7 17. Ng5 h6 18. Qc4 hxg5 19. Qc8+ Qd8 20. Qxe6+ Kf8 21. Rad1 Qe7 22. Qxg6 Nd7 23. Qxf5+ Nf6 24. Rfe1 Rd8 25. Qxg5 Rxd1 26. Rxd1 Kf7 27. h3 Rg8 28. Qf4 Qb7 29. Qc4+ Ke7 30. g3 b5 31. Re1+ Kf8 32. Qe6 Rg6 33. Re5 a6 34. Qd6+ Kf7 35. Rc5 Ne8 36. Qd3 Qe7 37. Rd5 Nf6 38. Rd6 Qe1+ 39. Kg2 Qe7 40. h4 Rg4 41. Kh3 Re4 42. Rxa6 Re1 43. Qf3 Re6 44. Qb3 Ne4 45. Kg2 Ng5 46. Rxe6 Nxe6 47. Qxb5 Qc7 48. c3 Qd6 49. a4 Nc7 50. Qc4+ Nd5 51. a5 Qe6 52. Qd4 Qc6 53. Kg1 Nf6 54. b4 Nd5 55. Qe4 Qd6 56. a6 Nxc3 57. Qf3+ 1-0

[Event "Rasht Khazar op 15th"]
[Site "Rasht"]
[Date "2017.01.25"]
[Round "7"]
[White "Toufighi, Homayoon"]
[Black "Ghaem Maghami, Ehsan"]
[Result "1/2-1/2"]
[WhiteElo "2407"]
[BlackElo "2574"]
[PlyCount "51"]
[EventDate "2017.01.20"]
[EventType "swiss"]
[EventRounds "9"]
[EventCountry "IRI"]
[SourceTitle "CBM 176 Extra"]
[Source "ChessBase"]
[SourceDate "2017.03.02"]
[SourceVersion "1"]
[SourceVersionDate "2017.03.02"]
[SourceQuality "1"]

1. e4 c5 2. Nf3 e6 3. d4 cxd4 4. Nxd4 Nc6 5. Nxc6 bxc6 6. Bd3 Nf6 7. 0-0 d5 8. Nd2 Bd6 9. Qe2 Qc7 10. Nf3 dxe4 11. Bxe4 Nxe4 12. Qxe4 0-0 13. Rd1 f6 14. Qc4 Rb8 15. b3 Rb5 16. Be3 Rd5 17. Qa4 c5 18. c4 Rxd1+ 19. Rxd1 Bb7 20. Kf1 Rd8 21. Ke2 h6 22. h3 Kf7 23. Bd2 Rd7 24. Be3 Rd8 25. Bd2 Rd7 26. Be3 1/2-1/2

[Event "Tehran Paytakht Cup 1st"]
[Site "Tehran"]
[Date "2016.10.30"]
[Round "7"]
[White "Toufighi, Homayoon"]
[Black "Firouzja, Alireza"]
[Result "1-0"]
[WhiteElo "2379"]
[BlackElo "2469"]
[PlyCount "61"]
[EventDate "2016.10.25"]
[EventType "swiss"]
[EventRounds "9"]
[EventCountry "IRI"]
[SourceTitle "EXT 2018"]
[Source "ChessBase"]
[SourceDate "2017.10.13"]
[SourceVersion "1"]
[SourceVersionDate "2017.10.13"]
[SourceQuality "1"]

1. e4 c5 2. Nf3 d6 3. d4 cxd4 4. Nxd4 Nf6 5. Nc3 a6 6. Be2 e5 7. Nb3 Be7 8. 0-0 0-0 9. Be3 Be6 10. f4 exf4 11. Bxf4 Nc6 12. Kh1 Rc8 13. Nd4 Ne5 14. Nf5 Bxf5 15. exf5 Qb6 16. Rb1 Qc6 17. Qd4 Rfe8 18. Rbd1 b5 19. a3 Qb7 20. Rfe1 Bf8 21. Bg5 Nfd7 22. f6 g6 23. Qh4 Re6 24. Rf1 Qb6 25. Nd5 Qd8 26. c3 Nb6 27. Nf4 Re8 28. Bh6 Kh8 29. Nh3 Nbd7 30. Ng5 Nxf6 31. Bxf8 1-0

[Event "Tehran Paytakht Cup 1st"]
[Site "Tehran"]
[Date "2016.10.26"]
[Round "2"]
[White "Bernadskiy, Vitaliy"]
[Black "Toufighi, Homayoon"]
[Result "0-1"]
[WhiteElo "2539"]
[BlackElo "2379"]
[PlyCount "72"]
[EventDate "2016.10.25"]
[EventType "swiss"]
[EventRounds "9"]
[EventCountry "IRI"]
[SourceTitle "EXT 2018"]
[Source "ChessBase"]
[SourceDate "2017.10.13"]
[SourceVersion "1"]
[SourceVersionDate "2017.10.13"]
[SourceQuality "1"]

1. e4 d5 2. exd5 Qxd5 3. Nc3 Qa5 4. Nf3 Nf6 5. Be2 c6 6. 0-0 Bg4 7. h3 Bh5 8. b4 Qc7 9. b5 e6 10. bxc6 bxc6 11. Nd4 Bxe2 12. Qxe2 Bc5 13. Qc4 Nbd7 14. Na4 Bxd4 15. Qxd4 c5 16. Qc4 0-0 17. Bb2 Rab8 18. a3 Qc6 19. Rfe1 Rfe8 20. Bxf6 Nxf6 21. d4 Nd7 22. Re3 Rec8 23. Rd1 cxd4 24. Qxd4 Nf8 25. Rc3 Qa6 26. Nc5 Qe2 27. Qd2 Qh5 28. Ne4 Rxc3 29. Nxc3 Qa5 30. Nb1 Qa4 31. Qd3 Ng6 32. Nd2 Rc8 33. Ne4 Rxc2 34. Qd8+ Nf8 35. Nd6 Qf4 36. Rf1 Rd2 0-1

[Event "Bandarabbas Rapid"]
[Site "Bandarabbas"]
[Date "2016.01.29"]
[Round "2.1"]
[White "Hadadi Gourzangi, Saeed"]
[Black "Toufighi, Homayoon"]
[Result "0-1"]
[WhiteElo "1707"]
[BlackElo "2464"]
[PlyCount "54"]
[EventDate "2015.12.30"]
[EventType "swiss (rapid)"]
[EventRounds "9"]
[EventCountry "IRI"]
[SourceTitle "EXT 2024"]
[Source "ChessBase"]
[SourceDate "2023.10.10"]
[SourceVersion "1"]
[SourceVersionDate "2023.10.10"]
[SourceQuality "1"]

1. e4 e6 2. Nc3 d5 3. exd5 exd5 4. d4 Bb4 5. Qe2+ Ne7 6. Qb5+ Nbc6 7. Bd2 a6 8. Qa4 Bd7 9. Qb3 Nxd4 10. Bd3 Nxb3 11. axb3 d4 12. Ne4 Bxd2+ 13. Nxd2 Nd5 14. 0-0-0 0-0 15. Ne2 c5 16. h4 Nb4 17. Be4 Bc6 18. g4 Bxe4 19. Nxe4 Qa5 20. g5 Rfe8 21. f3 Qa1+ 22. Kd2 Qxb2 23. Ke1 Rxe4 24. fxe4 Qxc2 25. h5 Re8 26. Rh4 Nd3+ 27. Rxd3 Qxd3 0-1